LEADER 00990nam a2200241 i 4500 001 000000038225 003 CaOOAMICUS 005 20080714000000.0 008 080714s1952 xx u000 u fre u 013 $a8644 040 $aSeMil$bita 245 10$aÉtudes de moeurs :$bscènes de la vie parisienne, 1. 300 $a1154 p. 490 0 $aBibliothèque de la pléiade ;$vVolume32. 500 $aFondo Ciprandi. 700 1 $aBalzac, Honoré : de,$d<1799-1850>.$0(OLS)http://semarc/name/3887 773 0 $aBalzac, Honoré : de <1799-1850>$tComédie humaine.$d[Paris] : Gallimard, 1949-1959.$kBibliothèque de la Pléiade$g5$w()19809 830 0$aBibliothèque de la Pléiade ;$vVolume32.$0(OLS)http://semarc/title/42418 850 $aSeMil 852 $aSeMil$W1$xVenegono$y1$m1W III 157$j4380$B4380$CSeMilBibl$Z2$F4380 $81 941 1 $a1 961 $aOmaggio: Ciprandi dott. Paolo 996 $6245$aÉtudes de moeurs :$bscènes de la vie parisienne, 1$9(OLS)http://semarc/title/53864 LEADER 01121nam a2200277 i 4500 001 000000184042 003 CaOOAMICUS 005 20091214000000.0 008 091214s2003 it u000 u ita u 013 $a162017 020 $a88-8227-145-5 040 $aSeMil$bita 100 1 $aBianchi, Enzo,$d<1943- >.$0(OLS)http://semarc/name/367 245 10$aDare senso al tempo :$ble feste cristiane /$cEnzo Bianchi. 260 $aMagnano :$bQiqajon,$c2003. 300 $a154 p. ;$c21 cm. 490 0 $aLiturgia e vita 650 4$aFeste cristiane - Storia.$0(OLS)http://semarc/subject/23120 650 4$aFeste cristiane - Meditazioni.$0(OLS)http://semarc/subject/33000 830 0$aLiturgia e vita.$0(OLS)http://semarc/title/424526 850 $aSeMil 852 $aSeMil$W1$xVenegono$y1$m3F III 435$j134738$B134738$CSeMilBibl$Z2$F148117 $81 961 $aOmaggio: D'Alessio don Davide 996 $6020$a88-8227-145-5$9(OLS)http://semarc/number/173917 996 $6245$aDare senso al tempo :$ble feste cristiane$9(OLS)http://semarc/title/264136 996 $6260$aMagnano :$bQiqajon$9(OLS)http://semarc/publisher/32326